00712nam a2200181 a 450000100100000000500170001000800410002704000250006808200150009310000280010824500430013625000120017926000390019130000210023059000760025195201860032799900170051300003493420200930074009.0111021s1927 fr 000 0 fre d aDO-SdBNPbspacBNPHU axxxbD869j1 aDuhamel, Georges96050110aJournal de salavin /cGeorges Duhamel. a29a ed. aParis :bMercvre de France,c1927. a247 p. ;c19 cm. aPerteneció a la biblioteca personal de Juan Isidro Jimenes Grullón. 001050718RVaGRbGRcCTd2011-10-21iLF1l0oxxx D869jp34934-10r2020-06-25w2020-06-25y1zPerteneció a la biblioteca personal de Juan Isidro Jimenes- GrullónZNo se presta c34425d34425